Jus : Revista de Derecho y Ciencias Sociales /
Los artículos que comprenden este número de la revista Jus giran en torno al juicio de amparo, el fideicomiso, la circulación de las acciones y comentarios al artículo 11 del Tratado de Guadalupe celebrado entre México y Estados Unidos.
Збережено в:
| Інші автори: | |
|---|---|
| Формат: | Книга |
| Мова: | Іспанська |
| Предмети: | |
| Теги: |
Немає тегів, Будьте першим, хто поставить тег для цього запису!
|
MARC
| LEADER | 00000nam^a2200000^a^4500 | ||
|---|---|---|---|
| 001 | 000183432 | ||
| 005 | 20250521000000.0 | ||
| 009 | 20260310102041.243 | ||
| 037 | |a Acervo ITESO - Biblioteca | ||
| 041 | |a ESP | ||
| 082 | |a 340. 05 |b JUS V. 50 | ||
| 240 | 1 | 1 | |a [Jus] |
| 245 | 0 | 0 | |a Jus : |b Revista de Derecho y Ciencias Sociales / |c Dir. J. Landerreche Obregón. |
| 264 | |a México : |b Jus, |c 1942 | ||
| 300 | |a 145-349 p. | ||
| 336 | |a texto |b txt |2 rdacontenido | ||
| 337 | |a sin mediación |b n |2 rdamedio | ||
| 338 | |a volumen |b nc |2 rdasoporte | ||
| 520 | |a Los artículos que comprenden este número de la revista Jus giran en torno al juicio de amparo, el fideicomiso, la circulación de las acciones y comentarios al artículo 11 del Tratado de Guadalupe celebrado entre México y Estados Unidos. | ||
| 649 | |a XX | ||
| 650 | |a Derecho - |x Publicaciones Periódicas Mexicanas | ||
| 650 | |a Amparo - |z México - |x Historia | ||
| 650 | |a Acciones (Títulos, Valores) - |z México | ||
| 650 | |a Fideicomiso - |z México - |x Aspectos Jurídicos | ||
| 650 | |a Tratados Internacionales - |z México-EUA | ||
| 650 | |a Derecho Internacional | ||
| 650 | |a Derecho Constitucional - |z México | ||
| 650 | |a Derecho Mercantil - |z México | ||
| 650 | |a Derecho Privado - |z México | ||
| 650 | |a Derecho Público - |z México | ||
| 650 | |a México - |x Historia - |y Invasión Norteamericana, 1846-1848 | ||
| 650 | |a México - |x Historia - |y Federalismo y Centralismo, 1824-1853 | ||
| 650 | |a México - |x Historia - |y Siglo XIX | ||
| 700 | |a Landerreche Obregón, Juan |e (dirección) | ||
| 910 | |a Fondo Salvador Reynoso Reynoso | ||
| 920 | |a Impresos - Libros | ||
| 930 | |a Fondos Especiales | ||
| 905 | |a 112 | ||
| 901 | |a 0800016691 |b IT2 |c ESP |u 20250521 | ||
| 902 | |a https://opac.biblio.iteso.mx/vufind/Record/000183432 | ||